000 00652nam a2200193 i 4500
001 21345
003 ES-MaACL
005 20251001145425.0
007 t|
008 021125s1968 sp ||||1| spa d
100 1 _aAlberdi Alonso, Javier.
_919276
245 1 0 _aActitud religiosa del universitario español
_b: encuesta FECUM 1967 /
_cJavier Alberdi Alonso, Juan Luis Pintos ; prólogo de Sixto Ríos.
260 _aMadrid :
_bRazón y Fé,
_c[1968]
300 _a205 p. :
_bil. ;
_c22 cm.
700 1 _aPintos, Juan-Luis.
_992240
700 1 _aRíos, Sixto,
_d1913-2008
_997375
852 _aES-MaACL
_jC-34382
_bR.65405
999 _c21345
_d21345